| 000 | 01092nam a2200325 a 4500 | ||
|---|---|---|---|
| 001 | 62900 | ||
| 003 | BD-RjUL | ||
| 005 | 20211209081135.0 | ||
| 008 | 170126s1959 nyua 000 0 eng d | ||
| 035 | _a(BD-RjUL)63028 | ||
| 035 | _a(OCoLC)18858520 | ||
| 035 | _aGLIS00502037 | ||
| 040 |
_aCLE _cCLE _dBD-RjUL _beng |
||
| 041 | _aeng | ||
| 082 |
_223 _a794.1 _bREO 1959 |
||
| 090 |
_aGV1450.3 _b.R366 1959 |
||
| 099 | _aGV1450.3.R366 1959 | ||
| 100 | 1 |
_aReinfeld, Fred, _d1910-1964. _9187050 |
|
| 245 | 1 | 0 |
_a1001 chess sacrifices and combinations / _cby Fred Reinfeld. |
| 260 |
_aNew York : _bBarnes & Noble, _c1959 |
||
| 300 |
_a252 p. : _bill. ; _c21 cm. |
||
| 490 | 1 |
_aEveryday handbook ; _vno. 211 |
|
| 500 | _aFirst published in 1955 under title: 1001 brilliant chess sacrifices and combinations. | ||
| 650 | 0 |
_aChess _xMiddle games. _9185754 |
|
| 740 | 0 | _a1001 brilliant chess sacrifices and combinations. | |
| 740 | 0 | _aOne thousand one chess sacrifices and combinations. | |
| 830 | 0 |
_aEveryday handbooks ; _v211. _9187056 |
|
| 942 |
_2ddc _cBK |
||
| 949 |
_aMYGH _b39080006924655 |
||
| 999 |
_c62900 _d62900 |
||